000 00647nam a2200181Ia 4500
008 090630s9999 xx 000 0 und d
082 _b14052
100 _aपेंडसे श्री. ना.
245 _aगारंबीचा बापू.
_cपेंडसे श्री. ना.
260 _bकॉन्टीनेंटल.
_c1994
300 _a227
600 _aपेंडसे श्री. ना.
630 _aगारंबीचा बापू.
655 _aकादंबरी.
700 _aपेंडसे श्री. ना.
730 _aगारंबीचा बापू.
942 _cBOOK
999 _c265908
_d265908